[Event "Campeonato de España Blitz 2017"]
[Site "Linares"]
[Date "2017.08.12"]
[Round "9"]
[White "Montoliu Cervero, Francisco"]
[Black "Narciso Dublan, Marc"]
[Result "0-1"]
[Board "7"]
[WhiteTitle "FM"]
[WhiteElo "2284"]
[WhiteCountry "ESP"]
[WhiteFideId "2214814"]
[WhiteEloChange "-3"]
[BlackTitle "GM"]
[BlackElo "2582"]
[BlackCountry "ESP"]
[BlackFideId "2201500"]
[BlackEloChange "2"]

1. e4 {[%clk 0:03:03]} e6 {[%clk 0:03:04]} 2. d4 {[%clk 0:03:04]} d5 {[%clk
0:03:05]} 3. e5 {[%clk 0:03:05]} c5 {[%clk 0:03:04]} 4. c3 {[%clk 0:02:57]} Bd7
{[%clk 0:03:04]} 5. Nf3 {[%clk 0:03:07]} a6 {[%clk 0:03:08]} 6. a4 {[%clk
0:02:51]} Nc6 {[%clk 0:03:08]} 7. Be2 {[%clk 0:02:46]} Qb6 {[%clk 0:02:51]} 8. b3
{[%clk 0:02:36]} cxd4 {[%clk 0:02:52]} 9. cxd4 {[%clk 0:02:37]} Bb4+ {[%clk
0:02:53]} 10. Kf1 {[%clk 0:02:30]} f6 {[%clk 0:02:45]} 11. Be3 {[%clk 0:02:13]}
Nge7 {[%clk 0:02:41]} 12. Bd3 {[%clk 0:02:07]} O-O {[%clk 0:02:32]} 13. Qc2
{[%clk 0:01:37]} Nf5 {[%clk 0:02:28]} 14. Bxf5 {[%clk 0:01:29]} exf5 {[%clk
0:02:28]} 15. g3 {[%clk 0:01:10]} f4 {[%clk 0:02:25]} 16. gxf4 {[%clk 0:01:03]}
Bh3+ {[%clk 0:02:26]} 17. Kg1 {[%clk 0:00:54]} Rac8 {[%clk 0:02:23]} 18. Qe2
{[%clk 0:00:40]} Qd8 {[%clk 0:02:16]} 19. Nbd2 {[%clk 0:00:36]} Qd7 {[%clk
0:02:09]} 20. Nf1 {[%clk 0:00:34]} fxe5 {[%clk 0:02:03]} 21. Nxe5 {[%clk
0:00:32]} Nxe5 {[%clk 0:01:56]} 22. fxe5 {[%clk 0:00:32]} Bg4 {[%clk 0:01:57]}
23. Qd3 {[%clk 0:00:27]} Rc3 {[%clk 0:01:54]} 24. Qb1 {[%clk 0:00:24]} Bf5 {[%clk
0:01:53]} 25. Qd1 {[%clk 0:00:24]} Be4 {[%clk 0:01:35]} 26. Ng3 {[%clk 0:00:26]}
Bf3 {[%clk 0:01:37]} 27. Qf1 {[%clk 0:00:27]} Rxe3 {[%clk 0:01:33]} 28. fxe3
{[%clk 0:00:26]} Bxh1 {[%clk 0:01:34]} 29. Qd3 {[%clk 0:00:20]} Bf3 {[%clk
0:01:27]} 30. Rf1 {[%clk 0:00:21]} Qg4 {[%clk 0:01:28]} 31. Qc2 {[%clk 0:00:18]}
h5 {[%clk 0:01:22]} 0-1

[Event "Campeonato de España Blitz 2017"]
[Site "Linares"]
[Date "2017.08.12"]
[Round "9"]
[White "Alonso Rosell, Alvar"]
[Black "Domingo Nunez, Ruben"]
[Result "1-0"]
[Board "8"]
[WhiteTitle "GM"]
[WhiteElo "2575"]
[WhiteCountry "ESP"]
[WhiteFideId "2270544"]
[WhiteEloChange "1"]
[BlackTitle "FM"]
[BlackElo "2258"]
[BlackCountry "ESP"]
[BlackFideId "22245570"]
[BlackEloChange "-3"]

1. b3 {[%clk 0:02:35]} b6 {[%clk 0:03:02]} 2. Bb2 {[%clk 0:02:35]} Bb7 {[%clk
0:03:03]} 3. Nf3 {[%clk 0:02:36]} Nf6 {[%clk 0:02:58]} 4. e3 {[%clk 0:02:36]} g6
{[%clk 0:02:52]} 5. Bxf6 {[%clk 0:02:32]} exf6 {[%clk 0:02:52]} 6. c4 {[%clk
0:02:32]} Bg7 {[%clk 0:02:44]} 7. Nc3 {[%clk 0:02:34]} a5 {[%clk 0:02:49]} 8. g3
{[%clk 0:02:31]} f5 {[%clk 0:02:35]} 9. Bg2 {[%clk 0:02:31]} O-O {[%clk 0:02:18]}
10. O-O {[%clk 0:02:31]} d6 {[%clk 0:02:13]} 11. Rc1 {[%clk 0:02:24]} Nd7 {[%clk
0:02:08]} 12. d4 {[%clk 0:02:19]} Re8 {[%clk 0:01:43]} 13. Qc2 {[%clk 0:02:17]}
Be4 {[%clk 0:01:32]} 14. Qd2 {[%clk 0:01:58]} c6 {[%clk 0:01:31]} 15. Rfd1 {[%clk
0:01:51]} Qc7 {[%clk 0:01:21]} 16. Qe2 {[%clk 0:01:45]} Re7 {[%clk 0:01:16]} 17.
Bf1 {[%clk 0:01:43]} Bxf3 {[%clk 0:00:48]} 18. Qxf3 {[%clk 0:01:34]} Nf6 {[%clk
0:00:46]} 19. Ne2 {[%clk 0:01:10]} a4 {[%clk 0:00:29]} 20. b4 {[%clk 0:01:03]} a3
{[%clk 0:00:20]} 21. b5 {[%clk 0:01:02]} Ne4 {[%clk 0:00:27]} 22. bxc6 {[%clk
0:01:01]} Qxc6 {[%clk 0:00:28]} 23. Nf4 {[%clk 0:01:01]} Ree8 {[%clk 0:00:12]}
24. Nd5 {[%clk 0:00:54]} b5 {[%clk 0:00:08]} 25. Nb4 {[%clk 0:00:45]} Qd7 {[%clk
0:00:06]} 26. cxb5 {[%clk 0:00:45]} Ra4 {[%clk 0:00:07]} 27. Nd5 {[%clk 0:00:53]}
Ra5 {[%clk 0:00:08]} 28. Rc7 {[%clk 0:00:41]} Qd8 {[%clk 0:00:09]} 29. Rc6 {[%clk
0:00:32]} Qb8 {[%clk 0:00:05]} 30. Qe2 {[%clk 0:00:31]} g5 {[%clk 0:00:06]} 31.
Rdc1 {[%clk 0:00:31]} f4 32. Rc8 {[%clk 0:00:30]} Rxc8 33. Rxc8+ {[%clk 0:00:30]}
Qxc8 34. Ne7+ {[%clk 0:00:31]} Kf8 35. Nxc8 {[%clk 0:00:32]} fxg3 {[%clk
0:00:04]} 36. hxg3 {[%clk 0:00:32]} Ra8 37. Nb6 {[%clk 0:00:32]} Ra7 38. Qc2
{[%clk 0:00:32]} f5 {[%clk 0:00:03]} 39. Qc8+ {[%clk 0:00:32]} Ke7 {[%clk
0:00:04]} 40. Nd5+ {[%clk 0:00:32]} Kf7 {[%clk 0:00:05]} 41. Qxf5+ {[%clk
0:00:31]} 1-0

[Event "Campeonato de España Blitz 2017"]
[Site "Linares"]
[Date "2017.08.12"]
[Round "9"]
[White "Santos Ruiz, Miguel"]
[Black "Arizmendi Martinez, Julen Luis"]
[Result "1/2-1/2"]
[Board "9"]
[WhiteTitle "IM"]
[WhiteElo "2409"]
[WhiteCountry "ESP"]
[WhiteFideId "22291482"]
[WhiteEloChange "1"]
[BlackTitle "GM"]
[BlackElo "2514"]
[BlackCountry "ESP"]
[BlackFideId "2205092"]
[BlackEloChange "-1"]

1. d4 {[%clk 0:03:03]} Nf6 {[%clk 0:03:01]} 2. Nf3 {[%clk 0:03:03]} d5 {[%clk
0:02:53]} 3. Bf4 {[%clk 0:03:03]} c5 {[%clk 0:02:59]} 4. e3 {[%clk 0:03:04]} Nc6
{[%clk 0:02:56]} 5. Nbd2 {[%clk 0:03:04]} e6 {[%clk 0:02:48]} 6. c3 {[%clk
0:03:05]} Be7 {[%clk 0:02:37]} 7. h3 {[%clk 0:02:37]} Bd6 {[%clk 0:02:38]} 8.
Bxd6 {[%clk 0:02:31]} Qxd6 {[%clk 0:02:29]} 9. Bb5 {[%clk 0:02:30]} O-O {[%clk
0:02:18]} 10. Qa4 {[%clk 0:02:29]} Bd7 {[%clk 0:02:13]} 11. O-O {[%clk 0:02:26]}
a6 {[%clk 0:01:48]} 12. Bxc6 {[%clk 0:02:26]} Bxc6 {[%clk 0:01:40]} 13. Qa3
{[%clk 0:02:27]} b6 {[%clk 0:01:40]} 14. Ne5 {[%clk 0:02:17]} Rfc8 {[%clk
0:01:44]} 15. Nxc6 {[%clk 0:02:05]} Qxc6 {[%clk 0:01:42]} 16. Rac1 {[%clk
0:01:59]} c4 {[%clk 0:01:32]} 17. Rfe1 {[%clk 0:01:53]} a5 {[%clk 0:01:30]} 18.
b3 {[%clk 0:01:40]} b5 {[%clk 0:01:31]} 19. bxc4 {[%clk 0:01:41]} dxc4 {[%clk
0:01:20]} 20. e4 {[%clk 0:01:38]} Nd7 {[%clk 0:00:42]} 21. Nf3 {[%clk 0:01:15]}
Rcb8 {[%clk 0:00:26]} 22. d5 {[%clk 0:00:47]} Qc5 {[%clk 0:00:17]} 23. Qb2 {[%clk
0:00:44]} exd5 {[%clk 0:00:14]} 24. exd5 {[%clk 0:00:45]} Nf6 {[%clk 0:00:13]}
25. Rcd1 {[%clk 0:00:44]} b4 {[%clk 0:00:11]} 26. Ne5 {[%clk 0:00:37]} b3 {[%clk
0:00:09]} 27. Nc6 {[%clk 0:00:38]} Re8 {[%clk 0:00:08]} 28. Rxe8+ {[%clk
0:00:35]} Rxe8 {[%clk 0:00:09]} 29. axb3 {[%clk 0:00:36]} Nxd5 {[%clk 0:00:07]}
30. bxc4 {[%clk 0:00:34]} Qxc4 {[%clk 0:00:06]} 31. Rxd5 {[%clk 0:00:26]} Qxc6
{[%clk 0:00:03]} 32. Rd1 {[%clk 0:00:23]} a4 {[%clk 0:00:04]} 33. Ra1 {[%clk
0:00:23]} g6 {[%clk 0:00:04]} 34. Qb4 {[%clk 0:00:24]} Ra8 {[%clk 0:00:05]} 35.
c4 {[%clk 0:00:23]} 1/2-1/2

[Event "Campeonato de España Blitz 2017"]
[Site "Linares"]
[Date "2017.08.12"]
[Round "9"]
[White "Granda Zuniga, Julio E"]
[Black "Tejedor Fuente, Enrique"]
[Result "0-1"]
[Board "10"]
[WhiteTitle "GM"]
[WhiteElo "2669"]
[WhiteCountry "PER"]
[WhiteFideId "3800024"]
[WhiteEloChange "-8"]
[BlackTitle "FM"]
[BlackElo "2430"]
[BlackCountry "ESP"]
[BlackFideId "2299100"]
[BlackEloChange "8"]

1. b3 {[%clk 0:02:59]} e5 {[%clk 0:03:03]} 2. Bb2 {[%clk 0:03:00]} Nc6 {[%clk
0:02:58]} 3. e3 {[%clk 0:03:01]} Nf6 {[%clk 0:02:48]} 4. Bb5 {[%clk 0:03:01]} Qe7
{[%clk 0:02:48]} 5. Nf3 {[%clk 0:02:52]} e4 {[%clk 0:02:47]} 6. Nd4 {[%clk
0:02:53]} a6 {[%clk 0:02:47]} 7. Nxc6 {[%clk 0:02:48]} dxc6 {[%clk 0:02:29]} 8.
Be2 {[%clk 0:02:48]} Bf5 {[%clk 0:02:28]} 9. d4 {[%clk 0:02:32]} O-O-O {[%clk
0:02:21]} 10. O-O {[%clk 0:02:23]} Qd7 {[%clk 0:02:09]} 11. c4 {[%clk 0:02:22]}
h5 {[%clk 0:01:58]} 12. Nd2 {[%clk 0:02:08]} Bd6 {[%clk 0:01:56]} 13. c5 {[%clk
0:02:05]} Be7 {[%clk 0:00:54]} 14. Nc4 {[%clk 0:02:03]} Nd5 {[%clk 0:00:49]} 15.
a3 {[%clk 0:02:00]} Rh6 {[%clk 0:00:44]} 16. Kh1 {[%clk 0:01:59]} Qe6 {[%clk
0:00:40]} 17. b4 {[%clk 0:01:57]} h4 {[%clk 0:00:40]} 18. Rb1 {[%clk 0:01:52]} g5
{[%clk 0:00:28]} 19. Ba1 {[%clk 0:01:47]} g4 {[%clk 0:00:26]} 20. Ne5 {[%clk
0:01:01]} Rg8 {[%clk 0:00:21]} 21. b5 {[%clk 0:00:42]} axb5 {[%clk 0:00:18]} 22.
a4 {[%clk 0:00:43]} b4 {[%clk 0:00:19]} 23. a5 {[%clk 0:00:42]} f6 {[%clk
0:00:20]} 24. Nc4 {[%clk 0:00:32]} g3 {[%clk 0:00:17]} 25. a6 {[%clk 0:00:27]}
bxa6 26. Qa4 {[%clk 0:00:28]} h3 {[%clk 0:00:07]} 27. fxg3 {[%clk 0:00:24]} hxg2+
{[%clk 0:00:07]} 28. Kxg2 {[%clk 0:00:25]} Bh3+ {[%clk 0:00:08]} 29. Kg1 {[%clk
0:00:25]} Bxf1 {[%clk 0:00:06]} 30. Bxf1 {[%clk 0:00:16]} Kd7 {[%clk 0:00:03]}
31. Na5 {[%clk 0:00:23]} Rb8 32. Qb3 {[%clk 0:00:22]} f5 33. Bc4 {[%clk 0:00:19]}
Rbh8 {[%clk 0:00:04]} 34. Rb2 {[%clk 0:00:20]} Qg6 {[%clk 0:00:05]} 35. Nxc6
{[%clk 0:00:17]} Rxh2 {[%clk 0:00:04]} 36. Ne5+ {[%clk 0:00:17]} Kc8 {[%clk
0:00:04]} 37. Bxa6+ {[%clk 0:00:17]} Qxa6 {[%clk 0:00:05]} 38. Rxh2 {[%clk
0:00:17]} Qxa1+ {[%clk 0:00:06]} 0-1

[Event "Campeonato de España Blitz 2017"]
[Site "Linares"]
[Date "2017.08.12"]
[Round "9"]
[White "Korneev, Oleg"]
[Black "Ortega Ruiz, Jose Miguel"]
[Result "1-0"]
[Board "11"]
[WhiteTitle "GM"]
[WhiteElo "2578"]
[WhiteCountry "ESP"]
[WhiteFideId "4156803"]
[WhiteEloChange "3"]
[BlackTitle "FM"]
[BlackElo "2395"]
[BlackCountry "ESP"]
[BlackFideId "2209713"]
[BlackEloChange "-5"]

1. e4 {[%clk 0:03:04]} d5 {[%clk 0:02:53]} 2. exd5 {[%clk 0:03:05]} Qxd5 {[%clk
0:03:03]} 3. Nc3 {[%clk 0:03:06]} Qa5 {[%clk 0:03:04]} 4. d4 {[%clk 0:03:07]} Nf6
{[%clk 0:03:05]} 5. Nf3 {[%clk 0:03:08]} Bg4 {[%clk 0:03:06]} 6. h3 {[%clk
0:03:08]} Bh5 {[%clk 0:03:07]} 7. g4 {[%clk 0:03:09]} Bg6 {[%clk 0:03:09]} 8. Ne5
{[%clk 0:03:10]} e6 {[%clk 0:03:10]} 9. Bg2 {[%clk 0:03:11]} c6 {[%clk 0:03:12]}
10. h4 {[%clk 0:02:55]} Bb4 {[%clk 0:03:12]} 11. Bd2 {[%clk 0:02:50]} h5 {[%clk
0:01:46]} 12. a3 {[%clk 0:02:39]} Bxc3 {[%clk 0:01:45]} 13. Bxc3 {[%clk 0:02:40]}
Qc7 {[%clk 0:01:39]} 14. g5 {[%clk 0:02:29]} Nd5 {[%clk 0:01:40]} 15. Bd2 {[%clk
0:02:26]} Bf5 {[%clk 0:01:29]} 16. c4 {[%clk 0:02:23]} Nb6 {[%clk 0:01:28]} 17.
Ba5 {[%clk 0:02:08]} Qe7 {[%clk 0:00:45]} 18. Bb4 {[%clk 0:02:07]} Qc7 {[%clk
0:00:45]} 19. Ba5 {[%clk 0:01:21]} Qe7 {[%clk 0:00:47]} 20. c5 {[%clk 0:01:22]}
Nc8 {[%clk 0:00:48]} 21. O-O {[%clk 0:01:08]} f6 {[%clk 0:00:49]} 22. Nf3 {[%clk
0:00:59]} Bg4 {[%clk 0:00:49]} 23. Qd2 {[%clk 0:01:03]} Bxf3 {[%clk 0:00:49]} 24.
Bxf3 {[%clk 0:01:04]} fxg5 {[%clk 0:00:51]} 25. Qxg5 {[%clk 0:01:00]} Qxg5+
{[%clk 0:00:52]} 26. hxg5 {[%clk 0:01:01]} Kf7 {[%clk 0:00:45]} 27. Kg2 {[%clk
0:01:01]} Ne7 {[%clk 0:00:46]} 28. Rae1 {[%clk 0:00:54]} Nd7 {[%clk 0:00:45]} 29.
Rh1 {[%clk 0:00:48]} g6 {[%clk 0:00:46]} 30. Bc7 {[%clk 0:00:44]} Rae8 {[%clk
0:00:44]} 31. Be5 {[%clk 0:00:40]} Nxe5 {[%clk 0:00:45]} 32. Rxe5 {[%clk
0:00:41]} Nf5 {[%clk 0:00:44]} 33. Re4 {[%clk 0:00:34]} Rd8 {[%clk 0:00:45]} 34.
Rd1 {[%clk 0:00:34]} Rd7 {[%clk 0:00:45]} 35. Be2 {[%clk 0:00:28]} Ne7 {[%clk
0:00:44]} 36. Bc4 {[%clk 0:00:27]} Nd5 {[%clk 0:00:45]} 37. Rde1 {[%clk 0:00:22]}
Re8 {[%clk 0:00:46]} 38. Kg3 {[%clk 0:00:21]} Rde7 {[%clk 0:00:21]} 39. f4 {[%clk
0:00:17]} Kg7 {[%clk 0:00:16]} 40. Bxd5 {[%clk 0:00:16]} cxd5 {[%clk 0:00:17]}
41. Re5 {[%clk 0:00:16]} Kf7 {[%clk 0:00:18]} 42. b4 {[%clk 0:00:17]} a6 {[%clk
0:00:00]} 43. a4 {[%clk 0:00:18]} Rc8 {[%clk 0:00:15]} 44. b5 {[%clk 0:00:19]}
axb5 {[%clk 0:00:17]} 45. axb5 {[%clk 0:00:19]} Ra8 {[%clk 0:00:17]} 46. b6
{[%clk 0:00:19]} Ra3+ {[%clk 0:00:20]} 47. R5e3 {[%clk 0:00:20]} Ra4 {[%clk
0:00:21]} 48. Rd1 {[%clk 0:00:21]} Re8 {[%clk 0:00:22]} 49. Rb3 {[%clk 0:00:19]}
Rea8 {[%clk 0:00:23]} 50. Rdd3 {[%clk 0:00:10]} Rc4 {[%clk 0:00:25]} 51. Rbc3
{[%clk 0:00:18]} Raa4 {[%clk 0:00:21]} 52. Rxc4 {[%clk 0:00:18]} dxc4 {[%clk
0:00:22]} 53. Rc3 {[%clk 0:00:18]} Ke7 {[%clk 0:00:23]} 54. Kf3 {[%clk 0:00:19]}
Kd7 {[%clk 0:00:15]} 55. Ke4 {[%clk 0:00:20]} Kc6 {[%clk 0:00:15]} 56. Ke5 {[%clk
0:00:21]} Kb5 {[%clk 0:00:13]} 57. Kf6 {[%clk 0:00:21]} Kb4 {[%clk 0:00:14]} 58.
c6 {[%clk 0:00:19]} Ra8 {[%clk 0:00:10]} 59. cxb7 {[%clk 0:00:19]} Rb8 {[%clk
0:00:10]} 60. Rc1 {[%clk 0:00:16]} Rxb7 {[%clk 0:00:13]} 61. Kxg6 {[%clk
0:00:16]} h4 {[%clk 0:00:14]} 62. Kf6 {[%clk 0:00:10]} h3 {[%clk 0:00:16]} 63. g6
{[%clk 0:00:11]} h2 {[%clk 0:00:17]} 64. g7 {[%clk 0:00:12]} Rb8 {[%clk 0:00:19]}
65. Kf7 {[%clk 0:00:11]} Kb3 {[%clk 0:00:19]} 66. g8Q {[%clk 0:00:10]} Rxg8
{[%clk 0:00:19]} 67. Kxg8 {[%clk 0:00:10]} Kb2 {[%clk 0:00:19]} 68. Rh1 {[%clk
0:00:12]} c3 {[%clk 0:00:23]} 69. Rxh2+ {[%clk 0:00:12]} 1-0